000 00351cam a2200145ua 4500
041 _aeng
_h
082 _a530
_bBRO/LU
100 _aBrown, Ernest W .
245 _aLunar theory /
_cErnest W Brown.
_hTextual Documents
260 _aNew York :
_bDover Publications ,
_c1896.
300 _a292 ; .
504 _a
942 _cBK
999 _c4776
_d4776